000 00834nam a2200217 4500
001 139963
003 ES-MaACL
005 20251201193356.0
007 t|
008 070214s1961 sp r ||||1| spa d
100 1 _aSchopenhauer, Arthur,
_d1788-1860
_9240710
245 1 0 _aEudemonología
_b: ; Parerga y paralipomena ; Aforismos sobre sabiduría de la vida seguidos de ; Pensamientos escogidos /
_cArthur Schopenhauer ; traducción, prólogo y notas de Juan B. Bergua.
260 _aMadrid :
_bIbéricas Avila,
_c1961.
300 _a512 p. ;
_c16 cm.
700 1 _aBergua, Juan B.,
_d1892-1991
_928018
740 0 _aParerga y paralipomena.
740 0 _aAforismos sobre sabiduría de la vida.
740 0 _aPensamientos escogidos (Schopenhauer)
852 _aES-MaACL
_jC-20868
_bR.49317
999 _c139963
_d139963